[Event "Titled Tuesday 2025.03.18 Late"]
[Site "Chess.com INT"]
[Date "2025.03.18"]
[Round "10"]
[White "Melamed, Daniel"]
[Black "Mendes, Aaron Reeve"]
[Result "1/2-1/2"]
[WhiteElo "2020"]
[BlackElo "2334"]
[PlyCount "142"]
[GameId "2159106792024069"]
[EventDate "2025.03.18"]
[EventType "swiss (blitz)"]
[EventRounds "11"]
[EventCountry "NET"]
[SourceTitle "Mega2025 Update 21"]
[Source "Chessbase"]
[SourceDate "2025.03.29"]
[SourceVersion "1"]
[SourceVersionDate "2025.03.29"]
[SourceQuality "1"]

1. d4 d5 2. Nf3 Nf6 3. Bf4 Bf5 4. e3 e6 5. c4 c6 6. Qb3 Qc8 $1 {[%mdl 4] now scores much better than the old 6...Qb6. punktet besser als das ältere 6...Db6.} 7. Nc3 dxc4 8. Bxc4 Nbd7 9. O-O Be7 10. Rfe1 $146 (10. h3 h6 11. Nh4 Nd5 12. Nxf5 Nxf4 13. Nxe7 Nxh3+ 14. gxh3 Kxe7 15. Ne4 Qc7 16. Nc5 Nxc5 17. dxc5 Rab8 18. Rad1 Rhd8 {0-1 Bihlmaier,K-Herrmann,E Team-ch L21K3-R(1-3) freechess.de 2023}) 10... O-O 11. e4 Bg6 12. Bxe6 fxe6 13. Qxe6+ Rf7 14. Ng5 Nf8 15. Qxc8 Rxc8 16. Nxf7 Bxf7 17. Rad1 Ne6 18. Bg3 Bb4 19. f4 Rd8 20. e5 Nd5 21. f5 Nxc3 22. bxc3 Bxc3 23. fxe6 Bxe6 24. Re4 c5 25. Bf2 g5 26. d5 Rxd5 27. Rxd5 Bxd5 28. Ra4 a6 29. Bxc5 Bxe5 30. Be3 Bf6 31. Ra5 Bc4 32. Rf5 Kg7 33. Rc5 b5 34. a4 Kg6 35. axb5 axb5 36. Rc6 Kf5 37. h3 h5 38. Kf2 g4 39. Rc5+ Ke4 40. Rxh5 g3+ 41. Kxg3 Kxe3 42. Rh6 Be5+ 43. Kg4 Ke4 44. Rb6 Be2+ 45. Kg5 Kd5 46. g4 Bc7 47. Rf6 b4 48. Rf2 Bd3 49. h4 b3 50. Rb2 Bc2 51. h5 Be5 52. Rxb3 Bxb3 53. Kg6 Ke6 54. h6 Bc2+ 55. Kg5 Kf7 56. Kh5 Bg6+ 57. Kg5 Bb2 58. Kh4 Bc1 59. g5 Ke6 60. Kg4 Ke5 61. Kh4 Kf5 62. Kg3 Bxg5 63. Kf3 Bxh6 64. Kf2 Bf4 65. Kg2 Kg4 66. Kf2 Bd3 67. Kg2 Be3 68. Kh1 Kf3 69. Kh2 Bf5 70. Kh1 Kg4 71. Kh2 Be4 1/2-1/2

[Event "Titled Tuesday 2025.03.18 Late"]
[Site "Chess.com INT"]
[Date "2025.03.18"]
[Round "11"]
[White "Chin, Spencer"]
[Black "Mendes, Aaron Reeve"]
[Result "1-0"]
[WhiteElo "2084"]
[BlackElo "2334"]
[PlyCount "91"]
[GameId "2159106792044603"]
[EventDate "2025.03.18"]
[EventType "swiss (blitz)"]
[EventRounds "11"]
[EventCountry "NET"]
[SourceTitle "Mega2025 Update 21"]
[Source "Chessbase"]
[SourceDate "2025.03.29"]
[SourceVersion "1"]
[SourceVersionDate "2025.03.29"]
[SourceQuality "1"]

1. d4 d5 2. c4 c6 3. Nc3 dxc4 4. e4 b5 5. a4 b4 6. Nce2 a5 7. Ng3 Ba6 8. Nf3 e6 9. Be2 Nf6 10. O-O Nbd7 11. Be3 Be7 12. Rc1 h5 13. Bxc4 h4 14. Ne2 Nxe4 15. Bxa6 Rxa6 16. Qd3 Ndc5 17. Qc4 Ra8 18. dxc5 Nf6 19. Ned4 Qc7 20. Bg5 Nd5 21. Bxe7 Kxe7 22. Rfe1 Rh5 23. Re4 Rah8 24. Rce1 Nf6 25. Nxe6 fxe6 26. Rxe6+ Kf8 27. Ne5 R8h6 28. Nxc6 Rg5 29. Ne5 h3 30. g3 Rf5 31. c6 Rhh5 32. Ng6+ Kf7 33. Re7+ Kxg6 34. Rxc7 Rd5 35. Rce7 Rhf5 36. c7 Rd2 37. c8=Q Rfxf2 38. Rxg7+ Kxg7 39. Q8c7+ Kg6 40. Q7f7+ Kf5 41. Qf1 Rxf1+ 42. Rxf1+ Ke4 43. Qxf6 b3 44. Qf4+ Kd3 45. Qf3+ Kc2 46. Qc3# 1-0

[Event "Titled Tuesday 2025.03.11 Early"]
[Site "Chess.com INT"]
[Date "2025.03.11"]
[Round "2"]
[White "Mendes, Aaron Reeve"]
[Black "Vedant, Nitin Vekhande"]
[Result "0-1"]
[WhiteElo "2334"]
[BlackElo "2167"]
[PlyCount "106"]
[GameId "2156576497216095"]
[EventDate "2025.03.11"]
[EventType "swiss (blitz)"]
[EventRounds "11"]
[EventCountry "NET"]
[SourceTitle "Mega2025 Update 20"]
[Source "Chessbase"]
[SourceDate "2025.03.21"]
[SourceVersion "1"]
[SourceVersionDate "2025.03.21"]
[SourceQuality "1"]

1. Nf3 c5 2. b3 d5 3. Bb2 Nc6 4. e3 f6 5. c4 e5 6. cxd5 Qxd5 7. Nc3 Qd8 8. Bb5 Nge7 9. O-O a6 10. Be2 Nf5 11. Rc1 Be7 12. Ne4 b6 13. d4 exd4 14. exd4 Ncxd4 15. Nxd4 Nxd4 16. Bh5+ g6 17. Bxd4 Qxd4 18. Qxd4 cxd4 19. Bf3 Rb8 20. Rfe1 Kf8 21. Rc4 Bf5 22. Rxd4 Bxe4 23. Rdxe4 Bc5 24. b4 Bd6 25. g3 Kf7 26. Rd4 Be5 27. Rd7+ Ke6 28. Ra7 Rhd8 29. Rxa6 Rd2 30. Re2 Rxe2 31. Bxe2 Bc3 32. a3 Bd4 33. Kg2 Rc8 34. a4 Rc2 35. Bd3 Rxf2+ 36. Kh3 Rb2 37. b5 Ke5 38. a5 bxa5 39. Rxa5 f5 40. Bc4 Rc2 41. Bf1 Bb6 42. Ra6 Bg1 43. Bg2 Rb2 44. Ra1 Bb6 45. Re1+ Kf6 46. Bc6 g5 47. g4 Bc7 48. Rh1 h5 49. gxh5 g4+ 50. Kh4 Rb3 51. Bg2 Bf4 52. h6 Kg6 53. h7 Bg5# 0-1

[Event "Titled Tuesday 2025.03.11 Early"]
[Site "Chess.com INT"]
[Date "2025.03.11"]
[Round "3"]
[White "Safarullakhan, Safin"]
[Black "Mendes, Aaron Reeve"]
[Result "1-0"]
[WhiteElo "2076"]
[BlackElo "2334"]
[PlyCount "119"]
[GameId "2156576497281792"]
[EventDate "2025.03.11"]
[EventType "swiss (blitz)"]
[EventRounds "11"]
[EventCountry "NET"]
[SourceTitle "Mega2025 Update 20"]
[Source "Chessbase"]
[SourceDate "2025.03.21"]
[SourceVersion "1"]
[SourceVersionDate "2025.03.21"]
[SourceQuality "1"]

1. e4 c5 2. Nf3 d6 3. d4 cxd4 4. Nxd4 Nf6 5. Nc3 a6 6. Be3 e5 7. Nb3 Be6 8. f3 Be7 9. Qd2 h5 10. Be2 Nbd7 11. Nd5 Bxd5 {is cutting edge theory. ist die Avantgarde der Theorie.} 12. exd5 Rc8 13. Na5 Qc7 14. c4 Bd8 15. b4 Qb8 16. O-O O-O 17. Nb3 b6 $146 (17... Re8 18. Rac1 g6 19. c5 e4 20. f4 Be7 21. c6 Nf8 22. Na5 bxc6 23. Nxc6 Qa8 {1-0 Van Arendonk,P (1784)-Madularea,D (1774) NED-ch U14 Almelo 2022 (8)}) 18. Rac1 a5 19. bxa5 bxa5 20. Nxa5 Bxa5 21. Qxa5 Qb2 22. Qd2 Qa3 23. Rc3 Qa5 24. Rb3 Ra8 25. a3 Rfc8 26. Rfb1 Kh7 27. Bd3+ g6 28. Qb2 Nc5 29. Bxc5 Qxc5+ 30. Kh1 h4 31. f4 Nh5 32. fxe5 Rh8 33. e6 Kg8 34. exf7+ Kxf7 35. Rb7+ Kg8 36. Rb8+ Rxb8 37. Qxb8+ Kh7 38. Bxg6+ Kxg6 39. Qxh8 Qxc4 40. Qg8+ Kh6 41. Qf8+ Kg5 42. Rf1 Qxd5 43. Qe7+ Kg6 44. Qe8+ Kg5 45. Qe3+ Kg6 46. a4 Qc4 47. Qe8+ Kg5 48. Qe7+ Kg6 49. Qe8+ Kg5 50. Re1 Qd4 51. Qe3+ Qxe3 52. Rxe3 Kf4 53. Rb3 d5 54. a5 d4 55. a6 Ke4 56. a7 d3 57. a8=Q+ Ke3 58. Qf3+ Kd2 59. Qxd3+ Kc1 60. Rb1# 1-0

[Event "Titled Tuesday 2025.03.11 Early"]
[Site "Chess.com INT"]
[Date "2025.03.11"]
[Round "4"]
[White "Mendes, Aaron Reeve"]
[Black "Pershina, Elena"]
[Result "1-0"]
[WhiteElo "2334"]
[BlackElo "2114"]
[PlyCount "65"]
[GameId "2156576497326964"]
[EventDate "2025.03.11"]
[EventType "swiss (blitz)"]
[EventRounds "11"]
[EventCountry "NET"]
[SourceTitle "Mega2025 Update 20"]
[Source "Chessbase"]
[SourceDate "2025.03.21"]
[SourceVersion "1"]
[SourceVersionDate "2025.03.21"]
[SourceQuality "1"]

1. e4 c5 2. Nf3 Nc6 3. Bb5 g6 4. Bxc6 dxc6 5. h3 Bg7 6. d3 Qc7 7. Nc3 e5 8. Be3 b6 9. Qd2 h6 10. Nh2 Ne7 11. O-O Be6 12. f4 exf4 13. Bxf4 Qd7 14. Nf3 g5 15. Be3 O-O-O 16. a4 a5 17. Rad1 Kb7 18. Qf2 f5 19. d4 cxd4 20. Nxd4 Bc4 21. Nxf5 Bxf1 22. Rxd7+ Rxd7 23. Nxg7 Ng6 24. Qxf1 Rxg7 25. Qf6 Rhg8 26. Qd4 c5 27. Qd5+ Kb8 28. e5 Re8 29. Qd6+ Kb7 30. Nd5 Nxe5 31. Qxb6+ Kc8 32. Bxc5 Rd7 33. Bd6 1-0

[Event "Titled Tuesday 2025.03.11 Early"]
[Site "Chess.com INT"]
[Date "2025.03.11"]
[Round "5"]
[White "Aydogan, Arya"]
[Black "Mendes, Aaron Reeve"]
[Result "0-1"]
[WhiteElo "1766"]
[BlackElo "2334"]
[PlyCount "144"]
[GameId "2156576497404989"]
[EventDate "2025.03.11"]
[EventType "swiss (blitz)"]
[EventRounds "11"]
[EventCountry "NET"]
[SourceTitle "Mega2025 Update 20"]
[Source "Chessbase"]
[SourceDate "2025.03.21"]
[SourceVersion "1"]
[SourceVersionDate "2025.03.21"]
[SourceQuality "1"]

1. e4 c5 2. Nf3 d6 3. c3 Nf6 4. Be2 g6 5. O-O Bg7 6. Re1 O-O 7. Bf1 Nc6 8. d4 cxd4 9. cxd4 Bg4 10. Nc3 Bxf3 11. gxf3 e5 12. d5 Nd4 13. Be3 Nh5 14. Nb5 Qb6 15. Bxd4 exd4 16. Qd2 Be5 17. Red1 Qd8 18. Nxd4 Qh4 19. h3 Nf4 20. Ne2 Nxh3+ 21. Bxh3 Qxh3 22. Ng3 Bxg3 23. fxg3 Qxg3+ 24. Qg2 Qf4 25. Rac1 Rac8 26. Rxc8 Rxc8 27. Qg4 Qxg4+ 28. fxg4 Rc2 29. g5 Kf8 30. b4 Rxa2 31. e5 dxe5 32. d6 Ke8 33. d7+ Kd8 34. Rf1 Ra4 35. Rxf7 Rxb4 36. Rxh7 Rg4+ 37. Kf2 Rxg5 38. Ke3 Rg4 39. Kd3 Rd4+ 40. Kc3 Rxd7 41. Rh8+ Kc7 42. Rg8 Rd6 43. Kc4 Re6 44. Kd5 Re7 45. Rxg6 e4 46. Rg2 e3 47. Re2 a5 48. Kd4 a4 49. Kc4 Kc6 50. Kb4 b5 51. Rc2+ Kb6 52. Re2 Re4+ 53. Ka3 Ka5 54. Re1 b4+ 55. Ka2 e2 56. Kb2 a3+ 57. Kb3 Re3+ 58. Ka2 Ka4 59. Ka1 b3 60. Kb1 Kb4 61. Ka1 Kc3 62. Kb1 a2+ 63. Ka1 Kd2 64. Rh1 e1=Q+ 65. Rxe1 Rxe1+ 66. Kb2 Rb1+ 67. Ka3 Kc3 68. Ka4 Kc4 69. Ka5 Kc5 70. Ka6 a1=Q+ 71. Kb7 Qg7+ 72. Ka6 Ra1# 0-1

[Event "Titled Tuesday 2025.03.11 Early"]
[Site "Chess.com INT"]
[Date "2025.03.11"]
[Round "6"]
[White "Mendes, Aaron Reeve"]
[Black "Vlassov, Nikolai"]
[Result "0-1"]
[WhiteElo "2334"]
[BlackElo "2291"]
[PlyCount "112"]
[GameId "2156576497515844"]
[EventDate "2025.03.11"]
[EventType "swiss (blitz)"]
[EventRounds "11"]
[EventCountry "NET"]
[SourceTitle "Mega2025 Update 20"]
[Source "Chessbase"]
[SourceDate "2025.03.21"]
[SourceVersion "1"]
[SourceVersionDate "2025.03.21"]
[SourceQuality "1"]

1. e4 Nc6 2. d4 d5 3. exd5 Qxd5 4. Nf3 Bg4 5. Be2 O-O-O 6. Nc3 Qh5 7. Be3 Nf6 8. h3 e5 9. d5 Bb4 10. O-O Bxc3 11. hxg4 Nxg4 12. Nh4 f5 13. Bxg4 fxg4 14. bxc3 Qxh4 15. g3 Qh3 16. Qd3 Rhf8 17. Rab1 e4 18. Qxe4 Rde8 19. Qg2 Qxg2+ 20. Kxg2 Ne5 21. Rh1 h6 22. Bd4 Rf5 23. Rhe1 b6 24. Re4 Kd7 25. Rbe1 Kd6 26. c4 h5 27. a4 a5 28. Bb2 g5 29. Rh1 Rh8 30. Rhe1 Re8 31. Ba3+ Kd7 32. R1e3 h4 33. gxh4 gxh4 34. Bb2 Kd6 35. Rxg4 Nxg4 36. Rxe8 Rxf2+ 37. Kh3 Rf4 38. Ba3+ Kd7 39. Re7+ Kd8 40. Rg7 Nf2+ 41. Kg2 h3+ 42. Kh2 Rf3 43. Be7+ Kc8 44. d6 cxd6 45. Bxd6 Ne4 46. Be5 Nd2 47. Rg3 Nf1+ 48. Kxh3 Nxg3 49. Bxg3 Rc3 50. Kg4 Rxc4+ 51. Kf3 Rxc2 52. Ke4 Rc4+ 53. Kd3 Rxa4 54. Kc2 Kb7 55. Kb3 Rg4 56. Ka3 Rxg3+ 0-1

[Event "Titled Tuesday 2025.03.11 Early"]
[Site "Chess.com INT"]
[Date "2025.03.11"]
[Round "7"]
[White "Gaal, Zsoka"]
[Black "Mendes, Aaron Reeve"]
[Result "0-1"]
[WhiteElo "2404"]
[BlackElo "2334"]
[PlyCount "48"]
[GameId "2156576497548681"]
[EventDate "2025.03.11"]
[EventType "swiss (blitz)"]
[EventRounds "11"]
[EventCountry "NET"]
[SourceTitle "Mega2025 Update 20"]
[Source "Chessbase"]
[SourceDate "2025.03.21"]
[SourceVersion "1"]
[SourceVersionDate "2025.03.21"]
[SourceQuality "1"]

1. d4 Nf6 2. Nf3 g6 3. Bf4 Bg7 4. c3 O-O 5. Nbd2 d6 6. e3 Nbd7 7. h3 b6 8. Be2 Bb7 9. O-O Re8 10. Bh2 a6 11. a4 c5 12. a5 b5 13. c4 cxd4 14. Nxd4 b4 15. Bf3 Qc7 16. Qa4 Reb8 17. Bxb7 Rxb7 18. Qc6 Rc8 19. Qf3 Nc5 20. g4 Nfd7 21. Bg3 Ne5 22. Qe2 Nc6 23. N2f3 Nxa5 24. Ra4 Nxa4 0-1

[Event "Titled Tuesday 2025.03.11 Early"]
[Site "Chess.com INT"]
[Date "2025.03.11"]
[Round "8"]
[White "Mendes, Aaron Reeve"]
[Black "Gutierrez Olivares, Daniel"]
[Result "1-0"]
[WhiteElo "2334"]
[BlackElo "2354"]
[PlyCount "73"]
[GameId "2156576497626716"]
[EventDate "2025.03.11"]
[EventType "swiss (blitz)"]
[EventRounds "11"]
[EventCountry "NET"]
[SourceTitle "Mega2025 Update 20"]
[Source "Chessbase"]
[SourceDate "2025.03.21"]
[SourceVersion "1"]
[SourceVersionDate "2025.03.21"]
[SourceQuality "1"]

1. e4 e6 2. Nf3 d5 3. Nc3 Nf6 4. e5 Nfd7 5. d4 c5 6. Ne2 cxd4 7. Nexd4 Nc6 8. Bf4 Qb6 9. c3 Nc5 10. Be2 Be7 11. O-O Qxb2 12. Nb5 O-O 13. Rb1 Qxa2 14. Ra1 Qb3 15. Qd2 Ne4 16. Qd3 Qc4 17. Qc2 Qc5 18. Be3 d4 19. Nbxd4 Nxc3 20. Nb5 Nxe2+ 21. Qxe2 Qb4 22. Rfb1 Qg4 23. Nxa7 Nxe5 24. Nxc8 Rfxc8 25. Kh1 Rxa1 26. Rxa1 Nxf3 27. gxf3 Qf5 28. Ra7 Qb1+ 29. Kg2 Bd6 30. Qd2 Bb8 31. Qd7 Qg6+ 32. Kh1 Rf8 33. Rxb7 Qh5 34. Kg2 Qxh2+ 35. Kf1 Bf4 36. Bc5 Qh3+ 37. Ke2 1-0

[Event "Titled Tuesday 2025.03.11 Early"]
[Site "Chess.com INT"]
[Date "2025.03.11"]
[Round "9"]
[White "Vasilenok, Anton"]
[Black "Mendes, Aaron Reeve"]
[Result "0-1"]
[WhiteElo "2137"]
[BlackElo "2334"]
[PlyCount "56"]
[GameId "2156576497680079"]
[EventDate "2025.03.11"]
[EventType "swiss (blitz)"]
[EventRounds "11"]
[EventCountry "NET"]
[SourceTitle "Mega2025 Update 20"]
[Source "Chessbase"]
[SourceDate "2025.03.21"]
[SourceVersion "1"]
[SourceVersionDate "2025.03.21"]
[SourceQuality "1"]

1. e4 c5 2. Nf3 d6 3. d4 cxd4 4. Nxd4 Nf6 5. Nc3 a6 6. Bg5 e6 7. Qe2 Be7 8. h4 h6 $1 {The main line 8...h6 scores better than 8...b5. Die Hauptvariante 8...h6 punktet besser als 8...b5.} 9. Bd2 Qc7 10. O-O-O Nbd7 11. g4 b5 12. Bg2 Bb7 13. a3 Nb6 14. g5 Nfd7 15. g6 Bf6 $146 (15... Qc4 16. gxf7+ Kxf7 17. Qh5+ g6 18. Qf3+ Bf6 19. Nb3 Qc7 20. Bg5 Rac8 21. Bxf6 Nxf6 {0-1 Ljukin,S (2362)-Bodnaruk,A (2443) Titled Tuesday intern op 09th Mar Chess.com INT blitz 2021 (5)}) 16. gxf7+ Kxf7 17. Nxe6 Kxe6 18. Qh5 Rhc8 19. Kb1 Na4 20. Qg6 Ke7 21. Nd5+ Bxd5 22. exd5 Nxb2 23. Rde1+ Kf8 24. Bxh6 Nc4 25. Rh3 Qa5 26. Bc1 Qxe1 27. h5 Nd2+ 28. Ka2 Qxc1 0-1

[Event "Titled Tuesday 2025.03.11 Early"]
[Site "Chess.com INT"]
[Date "2025.03.11"]
[Round "10"]
[White "Teterev, Vitaly"]
[Black "Mendes, Aaron Reeve"]
[Result "0-1"]
[WhiteElo "2266"]
[BlackElo "2334"]
[PlyCount "98"]
[GameId "2156576497745790"]
[EventDate "2025.03.11"]
[EventType "swiss (blitz)"]
[EventRounds "11"]
[EventCountry "NET"]
[SourceTitle "Mega2025 Update 20"]
[Source "Chessbase"]
[SourceDate "2025.03.21"]
[SourceVersion "1"]
[SourceVersionDate "2025.03.21"]
[SourceQuality "1"]

1. e4 c5 2. Nf3 d6 3. Bc4 Nf6 4. Qe2 Nc6 5. O-O g6 6. h3 Bg7 7. c3 O-O 8. Bb3 e5 9. d3 Be6 10. Bg5 h6 11. Bxf6 Bxf6 12. Nbd2 b5 13. a4 a6 14. Ra2 Bxb3 15. Nxb3 Rb8 16. axb5 axb5 17. Ra6 Qd7 18. Rfa1 Rfc8 19. Na5 Ra8 20. Nxc6 Rxa6 21. Rxa6 Rxc6 22. Ra8+ Kg7 23. Qd1 d5 24. Qb3 dxe4 25. dxe4 Rd6 26. Rb8 Rd1+ 27. Kh2 Qd3 28. Qxb5 Qxe4 29. Qe8 Bd8 30. Rxd8 Qf4+ 31. g3 Rxd8 32. Qxd8 Qxf3 33. Qd2 h5 34. h4 c4 35. Qe1 e4 36. Kg1 Qd3 37. Qc1 Kh7 38. Kg2 Qe2 39. Qf4 Kg8 40. Qb8+ Kg7 41. Qe5+ Kh7 42. Qf4 Kg7 43. Qe5+ Kf8 44. Qb8+ Ke7 45. Qc7+ Ke6 46. Qc6+ Ke7 47. Qc7+ Kf8 48. Qb8+ Ke7 49. Qe5+ Kd8 0-1

[Event "Titled Tuesday 2025.03.11 Late"]
[Site "Chess.com INT"]
[Date "2025.03.11"]
[Round "1"]
[White "Mendes, Aaron Reeve"]
[Black "Fernandes, Rogerio Paulo Mulle"]
[Result "0-1"]
[WhiteElo "2334"]
[BlackElo "2241"]
[PlyCount "78"]
[GameId "2156576497848442"]
[EventDate "2025.03.11"]
[EventType "swiss (blitz)"]
[EventRounds "11"]
[EventCountry "NET"]
[SourceTitle "Mega2025 Update 20"]
[Source "Chessbase"]
[SourceDate "2025.03.21"]
[SourceVersion "1"]
[SourceVersionDate "2025.03.21"]
[SourceQuality "1"]

1. e4 e6 2. Nf3 d5 3. Nc3 dxe4 4. Nxe4 Nd7 5. d4 Ngf6 6. Nxf6+ Nxf6 7. Bd3 c5 8. dxc5 Bxc5 9. O-O Qc7 10. b3 Bd7 11. Bb2 Bc6 12. Qe2 O-O-O 13. Rad1 Ng4 14. Be4 Rxd1 15. Rxd1 Bxe4 16. Bd4 Bxf3 17. Qxf3 Bxd4 18. Rxd4 Ne5 19. Qg3 g6 20. h4 Rd8 21. Rxd8+ Kxd8 22. Qf4 f5 23. c4 Nf7 24. Qd4+ Ke7 25. Qxa7 Qd7 26. g3 Kf6 27. f4 e5 28. Qb6+ Qe6 29. Qxb7 exf4 30. gxf4 Nh6 31. Qb8 Qe3+ 32. Kg2 Qe2+ 33. Kg1 Qe1+ 34. Kg2 Qe2+ 35. Kg3 Qe3+ 36. Kh2 Ng4+ 37. Kh1 Qe1+ 38. Kg2 Qf2+ 39. Kh3 Qh2# 0-1

[Event "Titled Tuesday 2025.03.11 Late"]
[Site "Chess.com INT"]
[Date "2025.03.11"]
[Round "2"]
[White "Siegel, Noah J"]
[Black "Mendes, Aaron Reeve"]
[Result "0-1"]
[WhiteElo "2228"]
[BlackElo "2334"]
[PlyCount "172"]
[GameId "2156576497988021"]
[EventDate "2025.03.11"]
[EventType "swiss (blitz)"]
[EventRounds "11"]
[EventCountry "NET"]
[SourceTitle "Mega2025 Update 20"]
[Source "Chessbase"]
[SourceDate "2025.03.21"]
[SourceVersion "1"]
[SourceVersionDate "2025.03.21"]
[SourceQuality "1"]

1. b4 e5 2. Bb2 e4 3. b5 d5 4. e3 Nf6 5. c4 c6 6. Nc3 Bd6 7. cxd5 cxd5 8. d3 O-O 9. Nge2 Qe7 10. Nd4 Rd8 11. Be2 g6 12. O-O Nbd7 13. a4 Ne5 14. dxe4 dxe4 15. Qb3 Bb8 16. Ba3 Qc7 17. g3 Qd7 18. Rfd1 Qh3 19. Bf1 Qh5 20. Bg2 Bg4 21. Rd2 Bd6 22. Bxd6 Rxd6 23. Nxe4 Nxe4 24. Bxe4 Rad8 25. Rc1 R8d7 26. Bg2 Bh3 27. Rdc2 Ng4 28. f3 Nxe3 29. Qxe3 Rxd4 30. Rc8+ Kg7 31. Qc3 Bxg2 32. Kxg2 Qe5 33. Rc2 h5 34. Kf2 h4 35. Re2 hxg3+ 36. hxg3 Qf6 37. Rc4 Rxc4 38. Qxc4 Rd4 39. Qb3 Qb6 40. Kg2 Qf6 41. a5 b6 42. a6 g5 43. Qe3 Rd5 44. Qb3 Rf5 45. Re4 Qd6 46. Qc3+ Qf6 47. Qxf6+ Kxf6 48. Rc4 Rxb5 49. Rc7 Rb2+ 50. Kh3 Rb3 51. Kg4 Rb4+ 52. f4 gxf4 53. gxf4 Ra4 54. Rxa7 b5 55. Ra8 b4 56. a7 b3 57. Rb8 Rxa7 58. Rxb3 Ra5 59. Rb6+ Kg7 60. f5 f6 61. Rc6 Rb5 62. Rc7+ Kh6 63. Rf7 Rb4+ 64. Kf3 Kg5 65. Rc7 Rb5 66. Rc6 Kxf5 67. Rc4 Rb3+ 68. Kf2 Kg5 69. Rc5+ f5 70. Rc4 Kh5 71. Rc5 Kg4 72. Rc4+ f4 73. Kf1 Kg3 74. Rc8 Rb1+ 75. Ke2 f3+ 76. Ke3 Rb3+ 77. Kd2 Kf2 78. Rg8 Kf1 79. Kd1 f2 80. Kd2 Rb5 81. Kd1 Rd5+ 82. Kc2 Ke2 83. Re8+ Kf3 84. Rf8+ Ke3 85. Re8+ Kf4 86. Rf8+ Rf5 0-1

[Event "Titled Tuesday 2025.03.11 Late"]
[Site "Chess.com INT"]
[Date "2025.03.11"]
[Round "3"]
[White "Mendes, Aaron Reeve"]
[Black "Kopczynski, Michal"]
[Result "1-0"]
[WhiteElo "2334"]
[BlackElo "2225"]
[PlyCount "93"]
[GameId "2156576498016775"]
[EventDate "2025.03.11"]
[EventType "swiss (blitz)"]
[EventRounds "11"]
[EventCountry "NET"]
[SourceTitle "Mega2025 Update 20"]
[Source "Chessbase"]
[SourceDate "2025.03.21"]
[SourceVersion "1"]
[SourceVersionDate "2025.03.21"]
[SourceQuality "1"]

1. e4 b6 2. d4 Bb7 3. Nc3 e6 4. Be3 Nf6 5. e5 Ne4 6. Nxe4 Bxe4 7. c3 c5 8. Qg4 Bb7 9. O-O-O cxd4 10. Bxd4 Nc6 11. Nf3 Qc7 12. Kb1 O-O-O 13. Be2 Kb8 14. Rhe1 h6 15. h4 g6 16. h5 g5 17. Bd3 Na5 18. Nd2 Bc5 19. Ne4 Be7 20. Nd6 Rhf8 21. Qg3 Nc6 22. Be4 Nxd4 23. cxd4 Bxe4+ 24. Nxe4 Qc4 25. f4 Rc8 26. a3 gxf4 27. Qxf4 Qc2+ 28. Ka1 Qxg2 29. Qxh6 Rc2 30. Rd2 Rxd2 31. Qxd2 Qh3 32. Rc1 Rc8 33. Rxc8+ Kxc8 34. Qc1+ Kb7 35. h6 Bf8 36. Nd6+ Bxd6 37. exd6 Ka6 38. Ka2 Qd3 39. Qc8+ Ka5 40. b4+ Kb5 41. Qxd7+ Kc4 42. Qc6+ Kxd4 43. d7 Qd2+ 44. Kb3 Qd1+ 45. Qc2 Qf3+ 46. Kb2 Qf6 47. Qc3+ 1-0

[Event "Titled Tuesday 2025.03.11 Late"]
[Site "Chess.com INT"]
[Date "2025.03.11"]
[Round "4"]
[White "Akkara, Omer"]
[Black "Mendes, Aaron Reeve"]
[Result "0-1"]
[WhiteElo "2132"]
[BlackElo "2334"]
[PlyCount "124"]
[GameId "2156576498115313"]
[EventDate "2025.03.11"]
[EventType "swiss (blitz)"]
[EventRounds "11"]
[EventCountry "NET"]
[SourceTitle "Mega2025 Update 20"]
[Source "Chessbase"]
[SourceDate "2025.03.21"]
[SourceVersion "1"]
[SourceVersionDate "2025.03.21"]
[SourceQuality "1"]

1. e4 c5 2. Nf3 d6 3. c3 Nf6 4. Be2 g6 5. O-O Bg7 6. Bb5+ Bd7 7. Bxd7+ Qxd7 8. Re1 O-O 9. d4 cxd4 10. cxd4 Nc6 11. Nc3 Rfd8 12. h3 e5 13. dxe5 dxe5 14. Bg5 h6 15. Bxf6 Bxf6 16. Nd5 Bg7 17. Qd2 Ne7 18. Rad1 Nxd5 19. exd5 Qd6 20. Qe3 Re8 21. Qb3 Rab8 22. Nd2 b6 23. Ne4 Qd7 24. d6 Kh7 25. Rc1 Rec8 26. Red1 f5 27. Nc3 e4 28. Ne2 Be5 29. Rxc8 Rxc8 30. Qd5 Rc5 31. Qa8 Bxd6 32. Nf4 Qc7 33. Nd5 Qf7 34. Qd8 Be5 35. Qe7 Qxe7 36. Nxe7 Kg7 37. g3 Kf7 38. Nd5 Ke6 39. Ne3 Bxb2 40. Rd2 Be5 41. Rd8 g5 42. Re8+ Kf7 43. Ra8 f4 44. Rxa7+ Kg6 45. Ng4 Bg7 46. gxf4 gxf4 47. Rb7 h5 48. Rxb6+ Kg5 49. Nh2 f3 50. Nf1 Rc1 51. Rb3 Bd4 52. a4 Rc2 53. Ne3 Rc1+ 54. Nf1 Kf4 55. a5 Rc2 56. Ne3 Ra2 57. Rb5 Bxe3 58. fxe3+ Kxe3 59. Rxh5 Ke2 60. Re5 f2+ 61. Kh2 f1=Q 62. Rxe4+ Kf3+ 0-1

[Event "Titled Tuesday 2025.03.11 Late"]
[Site "Chess.com INT"]
[Date "2025.03.11"]
[Round "5"]
[White "Drozdowski, Kacper"]
[Black "Mendes, Aaron Reeve"]
[Result "1-0"]
[WhiteElo "2450"]
[BlackElo "2334"]
[PlyCount "143"]
[GameId "2156576498189226"]
[EventDate "2025.03.11"]
[EventType "swiss (blitz)"]
[EventRounds "11"]
[EventCountry "NET"]
[SourceTitle "Mega2025 Update 20"]
[Source "Chessbase"]
[SourceDate "2025.03.21"]
[SourceVersion "1"]
[SourceVersionDate "2025.03.21"]
[SourceQuality "1"]

1. e4 c5 2. Nf3 d6 3. d4 cxd4 4. Nxd4 Nf6 5. f3 e5 6. Nb3 d5 7. Bg5 Be6 8. Bxf6 gxf6 9. exd5 Bxd5 10. Nc3 Bb4 11. Qd3 Nc6 12. O-O-O Bxb3 13. axb3 Qa5 14. Kb1 Rd8 15. Nd5 Be7 16. c3 Kf8 17. g4 Kg7 18. Qe4 Rd7 19. Be2 Rhd8 20. Bd3 Rh8 21. Bc2 b5 22. b4 Qd8 23. Ne3 Qc7 24. Rxd7 Qxd7 25. Rd1 Qe6 26. Nf5+ Kf8 27. Rd5 a6 28. Bb3 h5 29. Rd8+ Nxd8 30. Bxe6 fxe6 31. Nxe7 Kxe7 32. g5 fxg5 33. Qxe5 Nf7 34. Qd4 Rd8 35. Qa7+ Kf6 36. Qxa6 Rd2 37. Qxb5 Ne5 38. Qe8 Nd3 39. Qxh5 Rxb2+ 40. Ka1 Rd2 41. b5 Rd1+ 42. Ka2 Rd2+ 43. Kb3 Rb2+ 44. Ka4 Ra2+ 45. Kb3 Rb2+ 46. Ka3 Rd2 47. b6 Ne5 48. Qh8+ Kf5 49. Qf8+ Kg6 50. b7 Nc4+ 51. Kb4 Rb2+ 52. Kxc4 Rxb7 53. Qe8+ Kf5 54. Qc6 Rb2 55. Qe4+ Kf6 56. h4 gxh4 57. Qxh4+ Ke5 58. Qe4+ Kd6 59. Kd3 Rb5 60. c4 Rf5 61. f4 Rh5 62. Kc3 Kc5 63. Qe3+ Kd6 64. Kb4 Rf5 65. Qd4+ Kc6 66. Qe4+ Kd6 67. Qd3+ Kc6 68. Qd4 Rh5 69. Qf6 Kd6 70. Qd8+ Kc6 71. Qe8+ Kd6 72. Qxh5 1-0